| 000 | 00568nam a22001697a 4500 | ||
|---|---|---|---|
| 003 | NUST | ||
| 038 | _aNusrat Nadeem | ||
| 082 | _a200 | ||
| 100 |
_aSajjad, Maham _997364 |
||
| 245 |
_aApplication Of Vr Based Approach To Help Secondary Students In Performing Practical Activties / _cMaham Sajjad |
||
| 264 |
_aIslamabad : _bSEECS, NUST, _c2022. |
||
| 300 | _a81 p. ; | ||
| 650 |
_aMS-Innovative Technologies in Learning _9125075 |
||
| 700 |
_aSupervisor: Nasir Mahmood _996709 |
||
| 856 | _uhttp://10.250.8.41:8080/xmlui/handle/123456789/29977 | ||
| 942 |
_2ddc _cSC |
||
| 999 |
_c591033 _d591033 |
||